000 02585cam a2200361 a 4500
001 7241442
003 ARRUPE
005 20140924174519.0
008 081112s2009 miu b 001 0 eng
010 _a 2008049506
020 _a9780801035999 (pbk.)
020 _a0801035996 (pbk.)
024 _a99934249198
035 _a(OCoLC)ocn244560688
035 _a(OCoLC)244560688
035 _a(NNC)7241442
040 _aDLC
_cDLC
_dYDXCP
_dUKM
_dCDC
_dC#P
_dBWX
_dCDX
_dBTCTA
_dOrLoB-B
050 0 0 _aBT771.3
_b.P48 2009
082 0 0 _a231/.042
_222
100 1 _aPeters, James R.,
_d1957-
_911650
245 1 4 _aThe logic of the heart :
_bAugustine, Pascal, and the rationality of faith /
_cJames R. Peters.
260 _aGrand Rapids, Mich. :
_bBaker Academic,
_cc2009.
300 _a300 p. ;
_c23 cm.
504 _aIncludes bibliographical references (p. 287-294) and index.
505 0 0 _gIntroduction.
_tAugustine, Pascal, and Hume on the "Embeddedness" of Reason --
_g1.
_tAugustine, Pascal, and Hume for the Postmodern World? --
_tSkeptics of Modernity: Embedded Rationality versus Rational Autonomy --
_tEmbedded Reason in Augustine, Pascal, and Plantinga --
_tAugustine, Pascal, and Hume as Socratic Apologists; Human Wisdom as Passionate Self-Knowledge --
_tHume, Pascal, and the Humility of Reason --
_g2.
_tHume's Skepticism and the Wisdom of the Heart --
_tHume's Epistemological Refutation of Theism --
_tThree Answers from the Enquiry --
_tHume's Attack on and Misunderstanding of Miracles --
_tHume's Psychological Refutation of Theism --
_tHume versus Augustine (and Pascal); Opposing Rationalities in Conflict --
_g3.
_tPascal, Paradox, and the Wisdom of the Heart --
_tPascal and the Rationality of Faith --
_tPascal's Dialectical Defense of Faith --
_tPascal's Teleological Apologetics --
_tPascal: Faith Is Rational but Beyond Reason --
_tPascal's Wager: Unmasking Skeptical Neutrality --
_tPascal versus Fideism: Faith Is Not Contrary to Reason --
_tPascal and Hume, Pascal and Aristotle: Conclusions --
_g4.
_tA Dialectical Defense of Pascal's Paradox Argument: Pascal versus Radical Postmodernism --
_tThe Radical Postmodern Challenge to Pascal's Paradox Argument --
_tRadical Postmodernism's Fourfold Hermeneutics of Unmasking --
_tPostmodernism as "Hypermodernism"
600 0 0 _aAugustine,
_cSaint, Bishop of Hippo.
_911651
600 1 0 _aPascal, Blaise,
_d1623-1662.
_911652
600 1 0 _aHume, David,
_d1711-1776.
_911653
650 0 _aFaith
_xHistory of doctrines.
_911654
900 _bTOC
942 _2lcc
_cMONOGRAPH
948 1 _a20090803
_bc
_cjv5
_dMPS
999 _c120957
_d120957